| 000 | 00874nam a2200205Ia 4500 | ||
|---|---|---|---|
| 008 | 0000001988 fr a 0000000000fre00 | ||
| 090 | _aPUS00 D18 | ||
| 245 | 1 | 0 |
_aDavid Levine ; Aaron Shikler _c/ photography Roy Davis, Francois Walch |
| 300 |
_a[32, 30] p. _c/ 25 cm. |
||
| 500 | _aExposición realizada en la Galería Claude Bernard, Paris, Mayo Junio, 1988 \ Con el patronazgo del maestro venezolano Jesús Rafael Soto (q.e.p.d.) | ||
| 501 | _aAaron Shikler | ||
| 600 | 0 | 0 |
_aLEVINE, DAVID, 1926 / _xTRABAJOS PICTORICOS \ SHIKLER, AARON, 1922/ _xTRABAJOS PICTORICOS |
| 650 | 1 | 4 | _aARTE CONTEMPORANEO ESTADOUNIDENSE |
| 650 | 1 | 4 | _aARTISTAS PLASTICOS ESTADOUNIDENSES |
| 650 | 1 | 4 | _xCATALOGOS |
| 650 | 1 | 4 | _xEXPOSICIONES |
| 650 | 1 | 4 | _aPINTURA ESTADOUNIDENSE |
| 700 | 1 | _aDavis, Roy \ Walch, Francois | |
| 999 |
_c4570 _d4570 |
||
| 260 |
_aParís : Galerie Claude Bernard _c1988 |
||